000 00725nam a22002177a 4500
005 20130422163332.0
008 130422b xxu||||| |||| 00| 0 eng d
010 _aENG-106899
020 _a0230324428
_c295.00
020 _a9780230324428
_c295.00
035 _aEN-90432
037 _bDBAD/PUB
040 _aDPL
_bEng
082 _a485
100 _aSoundararaj, Francis
245 _aBasics of communication in English :
_cby Francis Soundararaj
_bsoft skills for listening, speaking, reading and writing /
260 _aGurgaon
_bMacmillan Publishers
_c2012
270 _a3A, 5th Floor, DLF Corporate Park
_bGurgaon
_e122002
300 _axvi,292p. :
_c32cm(pbk)
_bill.
942 _2ddc
_cEN
_h485
_mSOU
999 _c74780
_d74780